[Event "1st China Chess Queen"]
[Site "Taizhou CHN"]
[Date "2015.11.25"]
[Round "1.2"]
[White "Lei, Tingjie"]
[Black "Tan, Zhongyi"]
[Result "1/2-1/2"]
[WhiteTitle "WGM"]
[BlackTitle "WGM"]
[WhiteElo "2431"]
[BlackElo "2492"]
[WhiteFideId "8605114"]
[BlackFideId "8603642"]
[EventDate "2015.11.24"]

1. c4 Nf6 2. Nc3 e5 3. e3 Be7 4. Nf3 d6 5. Qc2 O-O 6. Bd3 c6 7. a3 Nbd7 8. Bf5
g6 9. Bh3 Re8 10. d3 Bf8 11. O-O Bg7 12. b4 Nb6 13. Bxc8 Rxc8 14. Bb2 d5 15. c5
Nbd7 16. e4 d4 17. Ne2 b6 18. Nd2 bxc5 19. bxc5 Bf8 20. f4 Bxc5 21. fxe5 Ng4 22.
Nc4 Ngxe5 23. Nxe5 Rxe5 24. Bxd4 Qb6 25. Bf2 Bxf2+ 26. Rxf2 Qe3 27. Rf1 Re7 28.
Kh1 Nf8 29. Rf3 Qb6 30. Qc1 Rb8 31. Qg5 Reb7 32. Ng3 Qd8 33. Qh6 Qe8 34. d4 Qd7
35. Ne2 Rb1 36. h3 Rxf1+ 37. Rxf1 Rb3 38. e5 Ne6 39. Qc1 Qd5 40. Qh6 Qe4 41. Ng1
Rb2 42. Nf3 Nxd4 43. Qxh7+ Kxh7 44. Ng5+ Kg7 45. Nxe4 Nf5 46. Rf4 Rb3 47. Nd6
Nxd6 48. exd6 Rd3 49. Ra4 Rxd6 50. Rxa7 c5 1/2-1/2

[Event "1st China Chess Queen"]
[Site "Taizhou CHN"]
[Date "2015.11.30"]
[Round "3.6"]
[White "Tan, Zhongyi"]
[Black "Ju, Wenjun"]
[Result "1-0"]
[WhiteTitle "WGM"]
[BlackTitle "GM"]
[WhiteElo "2492"]
[BlackElo "2547"]
[WhiteFideId "8603642"]
[BlackFideId "8603006"]
[EventDate "2015.11.24"]

1. d4 Nf6 2. c4 e6 3. Nc3 Bb4 4. e3 O-O 5. Bd3 d5 6. Ne2 b6 7. a3 Be7 8. O-O Bb7
9. cxd5 exd5 10. Ng3 Re8 11. b4 Nbd7 12. Bb2 a6 13. Qc2 g6 14. Rae1 c5 15. dxc5
bxc5 16. bxc5 Nxc5 17. Rd1 Rc8 18. Qe2 Qb6 19. Ba1 Qc6 20. Qf3 Qc7 21. Nce2 Nfe4
22. Nd4 Bf8 23. Qg4 Qd7 24. Qe2 Bg7 25. Nxe4 Nxe4 26. Bxa6 Bxa6 27. Qxa6 Ra8 28.
Qd3 Qa4 29. Nb5 Bxa1 30. Rxa1 Rec8 31. h3 Rab8 32. Rab1 Qc4 33. Qxc4 dxc4 34.
Rfc1 c3 35. Rb4 f5 36. f3 Rc5 37. fxe4 Rbxb5 38. Rxb5 Rxb5 39. exf5 Rb3 40. fxg6
hxg6 41. a4 Kf7 42. a5 Ke6 43. a6 Ke5 44. a7 Ra3 45. Rxc3 Rxa7 46. Kf2 Rf7+ 47.
Ke2 Ra7 48. Rc5+ Kf6 49. Kf3 Ra4 50. Rb5 Rc4 51. Rb6+ Kg5 52. g3 Ra4 53. h4+ Kh5
54. Rb5+ Kh6 55. e4 Ra1 56. Kf4 Rf1+ 57. Ke5 Rf3 58. g4 Rh3 59. Rb8 Kg7 60. Rb7+
Kh6 61. g5+ Kh5 62. Rh7+ Kg4 63. Rh6 Rf3 64. Kd5 Rd3+ 65. Ke6 Kf4 66. Rxg6 Rh3
67. Rf6+ Kxe4 1-0